[Event "Karpos Open 2016"]
[Site "Skopje, MKD"]
[Date "2016.04.01"]
[Round "1"]
[Board "1"]
[White "Ivanisevic, Ivan"]
[Black "Bytyqi, Gzim"]
[Result "1-0"]
[WhiteElo "2651"]
[BlackElo "2068"]
[PlyCount "71"]
[EventDate "2016.04.01"]
[EventRounds "9"]
[EventCountry "MKD"]

1. d4 Nf6 2. c4 g6 3. Nc3 d5 4. Nf3 Bg7 5. Qb3 c6 6. cxd5 Nxd5 7. e4 Nxc3 8.
bxc3 O-O 9. Ba3 Qc7 10. Be2 Be6 11. Qb2 Rd8 12. Ng5 Bc8 13. Qb3 Rf8 14. Bc4
Bxd4 15. cxd4 Qa5+ 16. Kf1 Qxg5 17. h4 Qa5 18. Bxe7 b5 19. Bxf8 bxc4 20. Qa3
Qd2 21. Bb4 Qxd4 22. Bc3 Qd3+ 23. Kg1 Na6 24. h5 g5 25. Qa5 c5 26. h6 Bb7 27.
Rh5 f6 28. Bxf6 Kf7 29. Bg7 Kg6 30. Rh3 Qxe4 31. Rg3 Rc8 32. Re1 Qd5 33. Qc3
Kf7 34. Rf3+ Kg8 35. Qf6 g4 36. Qf8+ 1-0

[Event "Karpos Open 2016"]
[Site "Skopje, MKD"]
[Date "2016.04.01"]
[Round "1"]
[Board "2"]
[White "Sahin, Ozgun"]
[Black "Markus, Robert"]
[Result "0-1"]
[WhiteElo "2066"]
[BlackElo "2651"]
[PlyCount "64"]
[EventDate "2016.04.01"]
[EventRounds "9"]
[EventCountry "MKD"]

1. d4 Nf6 2. Nc3 d5 3. Bg5 Nbd7 4. Qd2 e6 5. f3 c5 6. e3 Be7 7. h4 a6 8. a4 h6
9. Bxf6 Bxf6 10. h5 Qb6 11. Nge2 cxd4 12. exd4 Qxb2 13. Rb1 Qa3 14. g4 b6 15.
f4 Bb7 16. Rb3 Qd6 17. g5 Be7 18. Nd1 Rc8 19. Nf2 Rc4 20. Nc3 Rb4 21. Rxb4 Qxb4
22. g6 f5 23. Rh3 Nf6 24. Re3 Bc8 25. Bd3 Ne4 26. Bxe4 fxe4 27. Nfxe4 dxe4 28.
d5 O-O 29. Rxe4 Qc5 30. dxe6 Qg1+ 31. Ke2 Qg4+ 32. Ke1 Bb7 0-1

[Event "Karpos Open 2016"]
[Site "Skopje, MKD"]
[Date "2016.04.01"]
[Round "1"]
[Board "3"]
[White "Perunovic, Milos"]
[Black "Manelidis, Savvas"]
[Result "1-0"]
[WhiteElo "2641"]
[BlackElo "2065"]
[PlyCount "59"]
[EventDate "2016.04.01"]
[EventRounds "9"]
[EventCountry "MKD"]

1. e4 e5 2. Nf3 Nc6 3. Bb5 a6 4. Ba4 Nge7 5. Nc3 g6 6. d4 exd4 7. Nd5 Bg7 8.
Bg5 h6 9. Bf6 Kf8 10. O-O Bxf6 11. Nxf6 Kg7 12. Nd5 b5 13. Bb3 Bb7 14. Qd2 d6
15. Nxd4 Rf8 16. Nxc6 Nxc6 17. Qc3+ f6 18. Nf4 Qe7 19. Ne6+ Kh7 20. Nxf8+ Rxf8
21. Bd5 b4 22. Qd2 f5 23. exf5 Rxf5 24. Rae1 Qh4 25. f4 Rh5 26. h3 Qg3 27. Bxc6
Bxc6 28. Re7+ Kg8 29. Qe2 Kf8 30. Rxc7 1-0

[Event "Karpos Open 2016"]
[Site "Skopje, MKD"]
[Date "2016.04.01"]
[Round "1"]
[Board "4"]
[White "Yazici, Ugur Doga"]
[Black "Romanov, Evgeny"]
[Result "0-1"]
[WhiteElo "2061"]
[BlackElo "2635"]
[PlyCount "68"]
[EventDate "2016.04.01"]
[EventRounds "9"]
[EventCountry "MKD"]

1. e4 e5 2. Nf3 Nc6 3. Bb5 a6 4. Bxc6 dxc6 5. O-O Qe7 6. d4 exd4 7. Qxd4 Bg4 8.
Bg5 Qc5 9. Nbd2 Qxd4 10. Nxd4 f6 11. Be3 O-O-O 12. f3 Bd7 13. Rad1 Ne7 14. Nc4
Re8 15. Rf2 c5 16. Ne2 Be6 17. Na5 b6 18. Nb3 Nc6 19. Nf4 Bf7 20. Rfd2 Ne5 21.
Rf2 Nc4 22. Bc1 Bd6 23. Nd5 a5 24. a4 Be5 25. Nc3 Rd8 26. Rff1 Bxc3 27. bxc3
Rxd1 28. Rxd1 Be8 29. Bf4 Bxa4 30. Ra1 Bb5 31. Nd2 Nxd2 32. Bxd2 Rd8 33. Bf4
Be2 34. Kf2 Rd1 0-1

[Event "Karpos Open 2016"]
[Site "Skopje, MKD"]
[Date "2016.04.01"]
[Round "1"]
[Board "5"]
[White "Georgiev, Kiril"]
[Black "Olcum, Ahmet"]
[Result "1-0"]
[WhiteElo "2631"]
[BlackElo "2051"]
[PlyCount "50"]
[EventDate "2016.04.01"]
[EventRounds "9"]
[EventCountry "MKD"]

1. Nf3 Nf6 2. d4 g6 3. g3 b5 4. c3 a6 5. a4 c6 6. Bg2 d5 7. O-O Bg7 8. Nbd2 O-O
9. Ne5 Bb7 10. e4 c5 11. exd5 cxd4 12. Nc6 Qe8 13. Nxd4 bxa4 14. c4 Nfd7 15.
Ne4 Qc8 16. Bg5 Qxc4 17. Rxa4 Qxd5 18. Bxe7 Kh8 19. Bxf8 Nxf8 20. Rb4 Ra7 21.
Qb3 Qxb3 22. Nxb3 Nc6 23. Rc4 Ne5 24. Rc2 f5 25. Nec5 Bxg2 1-0

[Event "Karpos Open 2016"]
[Site "Skopje, MKD"]
[Date "2016.04.01"]
[Round "1"]
[Board "6"]
[White "Stosevski, Ilija"]
[Black "Kozul, Zdenko"]
[Result "0-1"]
[WhiteElo "2050"]
[BlackElo "2600"]
[PlyCount "66"]
[EventDate "2016.04.01"]
[EventRounds "9"]
[EventCountry "MKD"]

1. Nf3 Nf6 2. g3 d5 3. c4 c6 4. Bg2 Bg4 5. Ne5 Be6 6. cxd5 Bxd5 7. Nf3 e5 8.
Nc3 Bxf3 9. Bxf3 Nbd7 10. d3 h6 11. Be3 Bc5 12. Qb3 Bxe3 13. fxe3 Nc5 14. Qc4
Qb6 15. O-O-O O-O 16. g4 Ne6 17. h4 Qxe3+ 18. Kb1 Qf4 19. Qxf4 exf4 20. Rdg1 g5
21. Be4 Kg7 22. Bf5 Nd4 23. Rg2 Rae8 24. Ne4 Nxf5 25. gxf5 Nxe4 26. dxe4 f6 27.
Rgh2 g4 28. h5 Rxe4 29. Rh4 g3 30. Rg4+ Kf7 31. Rd1 Rxe2 32. Rd7+ Re7 33. Rd4
f3 0-1

[Event "Karpos Open 2016"]
[Site "Skopje, MKD"]
[Date "2016.04.01"]
[Round "1"]
[Board "7"]
[White "Brkic, Ante"]
[Black "Gulden, Egemen"]
[Result "1-0"]
[WhiteElo "2598"]
[BlackElo "2049"]
[PlyCount "57"]
[EventDate "2016.04.01"]
[EventRounds "9"]
[EventCountry "MKD"]

1. e4 g6 2. d4 Bg7 3. Nc3 d6 4. Bg5 c6 5. Qd2 Nd7 6. f4 b5 7. Nf3 Qc7 8. Bd3
Nb6 9. O-O a6 10. e5 d5 11. Nd1 e6 12. Ne3 Ne7 13. Ng4 Ng8 14. Rae1 h5 15. Nf6+
Nxf6 16. exf6 Bf8 17. b3 Bd6 18. Ne5 Bxe5 19. fxe5 Rg8 20. Bh6 Nd7 21. c4 Nf8
22. cxb5 axb5 23. Rc1 Qd7 24. Rxc6 Qxc6 25. Qb4 Qb7 26. Bxb5+ Kd8 27. Qd6+ Nd7
28. Rc1 Re8 29. Bf8 1-0

[Event "Karpos Open 2016"]
[Site "Skopje, MKD"]
[Date "2016.04.01"]
[Round "1"]
[Board "8"]
[White "Iliev, Nikolay"]
[Black "Damljanovic, Branko"]
[Result "1/2-1/2"]
[WhiteElo "2048"]
[BlackElo "2588"]
[PlyCount "113"]
[EventDate "2016.04.01"]
[EventRounds "9"]
[EventCountry "MKD"]

1. Nf3 Nf6 2. g3 d5 3. Bg2 c6 4. O-O Bg4 5. h3 Bxf3 6. Bxf3 Nbd7 7. d4 e5 8.
dxe5 Nxe5 9. Bg2 Bc5 10. a3 O-O 11. Nd2 Re8 12. e3 a5 13. b3 d4 14. e4 d3 15.
c4 a4 16. Kh1 axb3 17. f4 Ng6 18. e5 Bd4 19. Rb1 b2 20. Bxb2 Bxb2 21. Rxb2 Nd7
22. Ne4 Rxa3 23. Rb3 Rxb3 24. Qxb3 Ndxe5 25. fxe5 Nxe5 26. c5 Qd4 27. Qxb7 h6
28. Qc7 Ra8 29. Qd6 Rd8 30. Qxd4 Rxd4 31. g4 Nc4 32. Bf3 g6 33. Rd1 d2 34. Kg1
f5 35. gxf5 gxf5 36. Nxd2 Nxd2 37. Bxc6 Kf8 38. Re1 Kf7 39. Re5 Kf6 40. Rd5 Nb3
41. Rxd4 Nxd4 42. Bg2 Ke5 43. Kf2 Kf4 44. Bd5 h5 45. Bg2 h4 46. c6 Ne6 47. Bd5
Nc7 48. Bg2 Ke5 49. Ke3 Ne6 50. Kf2 Kd6 51. Ke3 f4+ 52. Kf3 Kxc6 53. Kg4+ Kd6
54. Kxh4 Ke5 55. Kg4 Nd4 56. h4 Nf5 57. Bb7 1/2-1/2

[Event "Karpos Open 2016"]
[Site "Skopje, MKD"]
[Date "2016.04.01"]
[Round "1"]
[Board "9"]
[White "Saric, Ante"]
[Black "Bejatovic, Bojana"]
[Result "1-0"]
[WhiteElo "2587"]
[BlackElo "2045"]
[PlyCount "105"]
[EventDate "2016.04.01"]
[EventRounds "9"]
[EventCountry "MKD"]

1. Nf3 d5 2. d4 e6 3. c4 c6 4. Nbd2 f5 5. g3 Nf6 6. Bg2 Bd6 7. O-O O-O 8. Ne5
Nbd7 9. Ndf3 Ne4 10. Bf4 g5 11. Nxd7 Bxd7 12. Nxg5 Bxf4 13. gxf4 Nxg5 14. fxg5
Qxg5 15. f4 Qg7 16. Rf3 Rf6 17. Rg3 Rg6 18. Rxg6 Qxg6 19. Qb3 Kh8 20. Rf1 Rg8
21. Rf2 Qg7 22. Qc3 Be8 23. c5 Bh5 24. Kf1 Qf6 25. Ke1 Qh4 26. Qh3 Qxh3 27.
Bxh3 Rg1+ 28. Bf1 Kg7 29. b4 Kf6 30. a4 Be8 31. Rf3 a6 32. Kf2 Rg4 33. h3 Rg7
34. Rb3 Ke7 35. e3 Kd8 36. b5 cxb5 37. axb5 axb5 38. Bxb5 Bc6 39. Bxc6 bxc6 40.
Rb8+ Kc7 41. Ra8 Re7 42. h4 Kb7 43. Rg8 Ka6 44. h5 Rf7 45. Re8 Rf6 46. Rb8 Rh6
47. Rb6+ Ka7 48. Rxc6 Kb7 49. Rd6 Rxh5 50. Rxe6 Rh2+ 51. Kg3 Re2 52. Kf3 Rh2
53. Rd6 1-0

[Event "Karpos Open 2016"]
[Site "Skopje, MKD"]
[Date "2016.04.01"]
[Round "1"]
[Board "10"]
[White "Aprea, Daniele"]
[Black "Djukic, Nikola"]
[Result "1/2-1/2"]
[WhiteElo "2042"]
[BlackElo "2563"]
[PlyCount "86"]
[EventDate "2016.04.01"]
[EventRounds "9"]
[EventCountry "MKD"]

1. d4 Nf6 2. Nf3 g6 3. Bf4 Bg7 4. e3 d6 5. h3 O-O 6. Be2 Nfd7 7. Bh2 e5 8. O-O
Nc6 9. c4 f5 10. Nc3 g5 11. dxe5 dxe5 12. Nd5 a5 13. Rb1 Nc5 14. Ne1 Be6 15.
Nd3 Na6 16. Qb3 e4 17. Nc1 Qc8 18. Rd1 Rf7 19. a3 Nc5 20. Qb5 Bf8 21. Bh5 Rg7
22. b4 Na6 23. Be5 Nxe5 24. Nf6+ Kh8 25. Qxe5 axb4 26. axb4 Nxb4 27. Rxb4 Bxb4
28. c5 Qf8 29. Qxe6 Ra6 30. Qb3 Rxf6 31. Qxb4 b6 32. Be2 bxc5 33. Qc3 f4 34.
Nb3 f3 35. gxf3 exf3 36. Bf1 g4 37. h4 g3 38. fxg3 Rd6 39. Qxc5 f2+ 40. Kh2 Qf3
41. Qe5 Rxd1 42. Qe8+ Rg8 43. Qe5+ Rg7 1/2-1/2

[Event "Karpos Open 2016"]
[Site "Skopje, MKD"]
[Date "2016.04.01"]
[Round "1"]
[Board "11"]
[White "Svetushkin, Dmitry"]
[Black "Krstev, Emil"]
[Result "1-0"]
[WhiteElo "2562"]
[BlackElo "2039"]
[PlyCount "55"]
[EventDate "2016.04.01"]
[EventRounds "9"]
[EventCountry "MKD"]

1. d4 Nf6 2. c4 g6 3. f3 e5 4. dxe5 Nh5 5. Nh3 Nc6 6. e3 Nxe5 7. Be2 Nxc4 8.
Qd4 Bg7 9. Qxc4 d5 10. Qa4+ Bd7 11. Qb4 a5 12. Qxb7 Bxh3 13. O-O Qg5 14. Qc6+
Ke7 15. Rf2 Bd7 16. Qc5+ Ke6 17. f4 Qe7 18. f5+ gxf5 19. Qxe7+ Kxe7 20. Bxh5
Rab8 21. Nc3 d4 22. exd4 Bxd4 23. Be3 Be5 24. Re1 Be6 25. Bg5+ f6 26. Rxe5 Rhd8
27. Rfe2 Rd6 28. Nd5+ 1-0

[Event "Karpos Open 2016"]
[Site "Skopje, MKD"]
[Date "2016.04.01"]
[Round "1"]
[Board "12"]
[White "Valsamidis, Ioannis"]
[Black "Nikolov, Momchil"]
[Result "0-1"]
[WhiteElo "2039"]
[BlackElo "2559"]
[PlyCount "58"]
[EventDate "2016.04.01"]
[EventRounds "9"]
[EventCountry "MKD"]

1. e4 e5 2. Nf3 Nc6 3. Bb5 a6 4. Ba4 Nge7 5. c3 g6 6. d4 exd4 7. cxd4 b5 8. Bb3
Bg7 9. d5 Na5 10. Bd2 c5 11. Bc3 O-O 12. O-O d6 13. Qd2 Nxb3 14. axb3 f6 15. b4
Bb7 16. Na3 cxb4 17. Bxb4 a5 18. Bxd6 Qxd6 19. Nxb5 Qb6 20. Nbd4 Bc8 21. b4 a4
22. Rac1 Bd7 23. Rc5 Rfb8 24. Qf4 a3 25. Ra1 Qxb4 26. Rc7 a2 27. Rcc1 f5 28.
Ne5 Qxd4 29. Nxd7 Qxa1 0-1

[Event "Karpos Open 2016"]
[Site "Skopje, MKD"]
[Date "2016.04.01"]
[Round "1"]
[Board "13"]
[White "Dvirnyy, Danyyil"]
[Black "Peycheva, Gergana"]
[Result "1-0"]
[WhiteElo "2555"]
[BlackElo "2036"]
[PlyCount "51"]
[EventDate "2016.04.01"]
[EventRounds "9"]
[EventCountry "MKD"]

1. d4 Nf6 2. c4 e6 3. Nc3 Bb4 4. Qc2 b6 5. e4 c5 6. d5 exd5 7. exd5 Bxc3+ 8.
Qxc3 d6 9. Bd3 O-O 10. Ne2 Nbd7 11. Bf4 Qc7 12. O-O b5 13. b3 Re8 14. Rfe1 Ne5
15. Ng3 b4 16. Qc2 Ng6 17. Bg5 Bd7 18. Bxf6 gxf6 19. Nh5 Qd8 20. Rxe8+ Bxe8 21.
Qd2 Kf8 22. Re1 Ne5 23. Qh6+ Ke7 24. f4 Kd7 25. Nxf6+ Kc7 26. fxe5 1-0

[Event "Karpos Open 2016"]
[Site "Skopje, MKD"]
[Date "2016.04.01"]
[Round "1"]
[Board "14"]
[White "Stojkovska, Monika"]
[Black "Maiorov, Nikita"]
[Result "0-1"]
[WhiteElo "2034"]
[BlackElo "2547"]
[PlyCount "62"]
[EventDate "2016.04.01"]
[EventRounds "9"]
[EventCountry "MKD"]

1. e4 e5 2. Nf3 Nc6 3. d4 exd4 4. Nxd4 Bc5 5. Be3 Qf6 6. c3 Nge7 7. Bc4 Ne5 8.
Be2 Qg6 9. O-O d6 10. f3 O-O 11. Nd2 Bb6 12. a4 a6 13. Nc4 Ba7 14. Nc2 Nxc4 15.
Bxc4 Kh8 16. Bxa7 Rxa7 17. Ne3 Ra8 18. Qd2 Be6 19. Bd3 Qh6 20. f4 Rae8 21. Qf2
Bd7 22. g4 g5 23. Nf5 Nxf5 24. exf5 Bc6 25. Qg3 Rg8 26. Bc4 Re4 27. Bxf7 gxf4
28. Rxf4 Qxf4 29. Bxg8 Qxg3+ 30. hxg3 Kxg8 31. g5 Rg4 0-1

[Event "Karpos Open 2016"]
[Site "Skopje, MKD"]
[Date "2016.04.01"]
[Round "1"]
[Board "15"]
[White "Mastrovasilis, Athanasios"]
[Black "Selkovski, Zarko"]
[Result "1-0"]
[WhiteElo "2538"]
[BlackElo "2026"]
[PlyCount "65"]
[EventDate "2016.04.01"]
[EventRounds "9"]
[EventCountry "MKD"]

1. Nf3 Nf6 2. g3 g6 3. d4 Bg7 4. Bg2 c6 5. O-O d5 6. b3 O-O 7. Bb2 Nbd7 8. c4
h6 9. Nc3 Re8 10. Rc1 Nb6 11. Ne5 e6 12. e4 dxe4 13. Nxe4 Nxe4 14. Bxe4 Nd7 15.
f4 Qb6 16. Qc2 c5 17. Rcd1 cxd4 18. Bxd4 Qc7 19. Bxg6 Nxe5 20. Bh7+ Kh8 21.
Bxe5 Bxe5 22. fxe5 f5 23. exf6 Qxh7 24. f7 Rf8 25. Qc3+ Qg7 26. Rf6 Kh7 27.
Qd3+ Kh8 28. Qd4 e5 29. Qxe5 Bf5 30. Qxf5 Qg5 31. Qe6 Kg7 32. Rd6 Qc5+ 33. Kg2
 1-0

[Event "Karpos Open 2016"]
[Site "Skopje, MKD"]
[Date "2016.04.01"]
[Round "1"]
[Board "16"]
[White "Gurel, Ahmet Unal"]
[Black "Kovacevic, Aleksandar"]
[Result "0-1"]
[WhiteElo "2025"]
[BlackElo "2520"]
[PlyCount "65"]
[EventDate "2016.04.01"]
[EventRounds "9"]
[EventCountry "MKD"]

1. d4 Nf6 2. Nf3 e6 3. c4 c5 4. d5 d6 5. Nc3 exd5 6. cxd5 g6 7. Nd2 Bg7 8. e4
O-O 9. Be2 Na6 10. O-O Re8 11. h3 Nc7 12. Qc2 Rb8 13. a4 Na6 14. Bxa6 bxa6 15.
Nc4 Rb4 16. Qd3 Nd7 17. Bf4 Ne5 18. Bxe5 Bxe5 19. Nxe5 Rxe5 20. f4 Re7 21. f5
Rxb2 22. f6 Re5 23. Rae1 h6 24. Nb1 Rg5 25. Nd2 Bxh3 26. Rf2 Bc8 27. Ref1 a5
28. Qc3 Rb4 29. Nf3 Rh5 30. e5 dxe5 31. Nxe5 Qd6 32. Re1 Rbh4 33. Rfe2 0-1

[Event "Karpos Open 2016"]
[Site "Skopje, MKD"]
[Date "2016.04.01"]
[Round "1"]
[Board "17"]
[White "Blagojevic, Dragisa"]
[Black "Bachaus, Sander"]
[Result "1-0"]
[WhiteElo "2509"]
[BlackElo "2004"]
[PlyCount "32"]
[EventDate "2016.04.01"]
[EventRounds "9"]
[EventCountry "MKD"]

1. d4 Nf6 2. c4 e6 3. Nf3 d5 4. g3 Be7 5. Bg2 O-O 6. O-O dxc4 7. Ne5 Nc6 8.
Nxc6 bxc6 9. e3 Ba6 10. Qa4 Bb5 11. Qc2 Nd5 12. a3 Rb8 13. Rd1 Qd7 14. e4 c5
15. Rd2 Nb6 16. dxc5 Nd5 1-0

[Event "Karpos Open 2016"]
[Site "Skopje, MKD"]
[Date "2016.04.01"]
[Round "1"]
[Board "18"]
[White "Minas, Ioannis"]
[Black "Pancevski, Filip"]
[Result "0-1"]
[WhiteElo "1988"]
[BlackElo "2500"]
[PlyCount "55"]
[EventDate "2016.04.01"]
[EventRounds "9"]
[EventCountry "MKD"]

1. e4 g6 2. Nf3 Bg7 3. Nc3 c6 4. Bc4 b5 5. Bf1 d6 6. d3 Nf6 7. g3 O-O 8. Bg2 e5
9. a4 b4 10. Nb1 Re8 11. Nbd2 Nbd7 12. O-O Qc7 13. Re1 Nc5 14. b3 Ne6 15. Bb2
c5 16. Nc4 Bb7 17. Nfxe5 dxe5 18. Bxe5 Qd7 19. Nd6 Nxe4 20. Nxe8 Bxe5 21. Bxe4
Bxa1 22. Bxb7 Rxe8 23. Qxa1 Qxb7 24. Qf6 Qe7 25. Qe5 Qc7 26. Qf6 Qd8 27. Qe5
Ng7 28. Qd5 0-1

[Event "Karpos Open 2016"]
[Site "Skopje, MKD"]
[Date "2016.04.01"]
[Round "1"]
[Board "19"]
[White "Valsecchi, Alessio"]
[Black "Mihov, Filip"]
[Result "1-0"]
[WhiteElo "2492"]
[BlackElo "1987"]
[PlyCount "57"]
[EventDate "2016.04.01"]
[EventRounds "9"]
[EventCountry "MKD"]

1. e4 e6 2. d4 d5 3. Nc3 Bb4 4. Nge2 dxe4 5. a3 Bxc3+ 6. Nxc3 Nc6 7. Bb5 Nge7
8. Bg5 f6 9. Be3 O-O 10. Qd2 Nd5 11. O-O-O f5 12. Nxd5 exd5 13. Bxc6 bxc6 14.
Bf4 a5 15. h4 Qe7 16. h5 Ba6 17. Rh3 Bc4 18. Rg3 c5 19. b3 Bb5 20. dxc5 Qxc5
21. Qxd5+ Qxd5 22. Rxd5 Be2 23. h6 g6 24. Rc3 Rf7 25. Rxc7 Rxc7 26. Bxc7 a4 27.
Rd7 axb3 28. Rg7+ Kf8 29. Bd6+ 1-0

[Event "Karpos Open 2016"]
[Site "Skopje, MKD"]
[Date "2016.04.01"]
[Round "1"]
[Board "20"]
[White "Markovski, Velo"]
[Black "Milanovic, Danilo"]
[Result "0-1"]
[WhiteElo "1983"]
[BlackElo "2485"]
[PlyCount "130"]
[EventDate "2016.04.01"]
[EventRounds "9"]
[EventCountry "MKD"]

1. e4 d5 2. exd5 Qxd5 3. Nc3 Qd6 4. Bc4 Nf6 5. d3 a6 6. Nge2 b5 7. Bb3 Bb7 8.
f3 Qb6 9. Ng3 e6 10. Qe2 Nbd7 11. Bg5 h6 12. Bd2 Be7 13. O-O-O Nc5 14. Rde1
O-O-O 15. Be3 Nxb3+ 16. axb3 Qc6 17. Nge4 a5 18. Bd2 b4 19. Na4 Ba6 20. Kb1 Bb5
21. Nxf6 Bxf6 22. Qe4 Rd5 23. Bf4 Kd7 24. Re2 Bxa4 25. bxa4 Qxa4 26. Qc4 Qc6
27. Qxc6+ Kxc6 28. Rhe1 Rhd8 29. Be5 Bxe5 30. Rxe5 Rxe5 31. Rxe5 Rd5 32. Re4
Kb5 33. b3 c5 34. Kb2 Rg5 35. Re2 Kc6 36. Kc1 Kb5 37. g3 a4 38. bxa4+ Kxa4 39.
Kb2 Rd5 40. Re3 Rd6 41. Re4 Kb5 42. Kb3 Ra6 43. Kb2 Kc6 44. Kb1 Kd5 45. Kb2 f5
46. Re2 e5 47. Re1 g5 48. h3 h5 49. Kb3 Kd4 50. Kb2 Ra7 51. Re2 f4 52. g4 hxg4
53. hxg4 Rh7 54. Re4+ Kd5 55. Re1 Rh2 56. Rf1 Kd4 57. Kb3 Re2 58. Rh1 Ke3 59.
Rh5 Kxf3 60. Rxg5 Kg2 61. Rf5 f3 62. g5 f2 63. g6 f1=Q 64. Rg5+ Kh1 65. g7 Qf7+
 0-1

[Event "Karpos Open 2016"]
[Site "Skopje, MKD"]
[Date "2016.04.01"]
[Round "1"]
[Board "22"]
[White "Soilemetzidis, Konstantinos"]
[Black "Drenchev, Petar"]
[Result "1/2-1/2"]
[WhiteElo "1971"]
[BlackElo "2480"]
[PlyCount "125"]
[EventDate "2016.04.01"]
[EventRounds "9"]
[EventCountry "MKD"]

1. d4 Nf6 2. Bg5 e6 3. e4 h6 4. Bxf6 Qxf6 5. Nc3 Bb4 6. Nge2 Nc6 7. Qd3 d6 8.
d5 exd5 9. exd5 Bxc3+ 10. Qxc3 Qxc3+ 11. Nxc3 Ne5 12. Nb5 Kd8 13. O-O-O Ng4 14.
Rd2 Re8 15. Re2 Bd7 16. Nc3 c5 17. h3 Nf6 18. Rxe8+ Kxe8 19. Bd3 a6 20. Re1+
Kd8 21. a4 b6 22. b3 Ra7 23. Re3 Bc8 24. Kd2 Re7 25. Rxe7 Kxe7 26. Ke3 Bb7 27.
Bc4 g5 28. g3 Ne8 29. h4 f5 30. hxg5 hxg5 31. f4 g4 32. Bd3 Kf6 33. Kf2 Nc7 34.
Bc4 Bc8 35. Bf1 Bd7 36. Bg2 b5 37. axb5 axb5 38. Nd1 b4 39. Ne3 Bb5 40. Ke1 Ba6
41. Kd2 Bb7 42. Ke1 Nb5 43. Nc4 Ke7 44. Ne3 Nd4 45. Bf1 Bc8 46. Bd3 Bd7 47. Kf2
Kf6 48. Nc4 Bb5 49. Ke3 Bxc4 50. bxc4 Ke7 51. Kd2 Nf3+ 52. Ke3 Kf6 53. Ke2 Kg6
54. Kd1 Ng1 55. Ke1 Kf6 56. Kd2 Nf3+ 57. Kd1 Nd4 58. Kd2 Ke7 59. Kc1 Kd8 60.
Kb2 Kc7 61. c3 bxc3+ 62. Kxc3 Kb6 63. Kb2 1/2-1/2

[Event "Karpos Open 2016"]
[Site "Skopje, MKD"]
[Date "2016.04.01"]
[Round "1"]
[Board "23"]
[White "Antic, Dejan"]
[Black "Papapostolou, Apostolos"]
[Result "1/2-1/2"]
[WhiteElo "2478"]
[BlackElo "1968"]
[PlyCount "110"]
[EventDate "2016.04.01"]
[EventRounds "9"]
[EventCountry "MKD"]

1. d4 Nf6 2. c4 g6 3. Nc3 Bg7 4. e4 d6 5. Nf3 O-O 6. Be2 e5 7. O-O Nc6 8. d5
Ne7 9. b4 Nh5 10. g3 f5 11. Ng5 Nf6 12. Bf3 h6 13. Ne6 Bxe6 14. dxe6 c6 15.
exf5 gxf5 16. b5 e4 17. Bg2 Ng4 18. Qb3 Bd4 19. Bb2 e3 20. Rad1 exf2+ 21. Kh1
Be5 22. c5 d5 23. Nxd5 cxd5 24. Bxe5 Nxe5 25. Rxf2 Ng4 26. Re2 Nf6 27. Qe3 Kh7
28. Qe5 Rc8 29. Rc2 Qc7 30. Qd4 Ne4 31. Rdc1 Rg8 32. Qb2 Rg6 33. b6 Qb8 34.
bxa7 Qxa7 35. Bxe4 dxe4 36. Qe5 Rc6 37. g4 Rgxe6 38. Qf4 Rf6 39. gxf5 Nxf5 40.
Rd1 Rce6 41. Rd7+ Ng7 42. Rg2 Rg6 43. Rxg7+ Rxg7 44. Qf5+ Reg6 45. Rxg6 Rxg6
46. Qf7+ Rg7 47. Qf5+ Kg8 48. Qc8+ Kf7 49. Qd7+ Kf6 50. Qd4+ Kg6 51. Qxe4+ Kh5
52. Qf5+ Rg5 53. Qh3+ Kg6 54. Qe6+ Kh5 55. Qh3+ Kg6 1/2-1/2

[Event "Karpos Open 2016"]
[Site "Skopje, MKD"]
[Date "2016.04.01"]
[Round "1"]
[Board "24"]
[White "Bal, Enes Emre"]
[Black "Nedev, Trajko"]
[Result "0-1"]
[WhiteElo "1967"]
[BlackElo "2474"]
[PlyCount "40"]
[EventDate "2016.04.01"]
[EventRounds "9"]
[EventCountry "MKD"]

1. Nf3 Nf6 2. g3 g6 3. Bg2 Bg7 4. d3 O-O 5. O-O d6 6. Nbd2 c5 7. e4 Nc6 8. a4
e5 9. Nc4 h6 10. Bd2 Be6 11. Ne3 d5 12. exd5 Nxd5 13. Nh4 Nde7 14. Ng4 g5 15.
Nxh6+ Bxh6 16. Qh5 Kg7 17. Be4 f6 18. Bxc6 bxc6 19. Ng2 Qd7 20. Qe2 Nf5 0-1

[Event "Karpos Open 2016"]
[Site "Skopje, MKD"]
[Date "2016.04.02"]
[Round "2"]
[Board "1"]
[White "Atakisi, Umut"]
[Black "Ivanisevic, Ivan"]
[Result "1/2-1/2"]
[WhiteElo "2315"]
[BlackElo "2651"]
[PlyCount "60"]
[EventDate "2016.04.01"]
[EventRounds "9"]
[EventCountry "MKD"]

1. Nf3 c5 2. c4 Nc6 3. d4 cxd4 4. Nxd4 Nf6 5. Nc3 e6 6. g3 Bc5 7. Nb3 Be7 8.
Bg2 O-O 9. O-O b6 10. Nd4 Bb7 11. b3 a6 12. Bb2 Qb8 13. Nxc6 Bxc6 14. Bxc6 dxc6
15. Qc2 Qb7 16. Ne4 Ne8 17. Rad1 c5 18. f4 Qc6 19. f5 f6 20. Nc3 Nc7 21. fxe6
Qxe6 22. Nd5 Nxd5 23. Rxd5 Rae8 24. Qd3 Bd8 25. Be5 Rf7 26. Rxd8 Qxe5 27. Rf5
Qa1+ 28. Rf1 Qe5 29. Rf5 Qa1+ 30. Rf1 Qe5 1/2-1/2

[Event "Karpos Open 2016"]
[Site "Skopje, MKD"]
[Date "2016.04.02"]
[Round "2"]
[Board "2"]
[White "Markus, Robert"]
[Black "Supancic, Darko"]
[Result "1-0"]
[WhiteElo "2651"]
[BlackElo "2313"]
[PlyCount "83"]
[EventDate "2016.04.01"]
[EventRounds "9"]
[EventCountry "MKD"]

1. d4 d6 2. Nf3 Nf6 3. c4 Nbd7 4. Nc3 e5 5. e4 Be7 6. Be2 O-O 7. O-O c6 8. Be3
a6 9. d5 cxd5 10. cxd5 b5 11. Nd2 Nb6 12. a3 Nfd7 13. Nb3 Bg5 14. Bxg5 Qxg5 15.
Na5 Nc5 16. b4 Bh3 17. Bf3 Nca4 18. Nxa4 Nxa4 19. Qc1 Qg6 20. Kh1 Rfc8 21. Nc6
Qf6 22. Bd1 Bd7 23. Bxa4 bxa4 24. Qc2 Kf8 25. Qxa4 Qd8 26. b5 axb5 27. Qxa8
Rxa8 28. Nxd8 Rxd8 29. Kg1 Ra8 30. f3 Ke7 31. Kf2 g6 32. Ke3 f5 33. g3 Ra4 34.
Rfb1 Rc4 35. Rc1 Ra4 36. Rc3 Kd8 37. Rb1 Ra7 38. Rb4 Ke7 39. exf5 gxf5 40. Rh4
Kf7 41. Rxh7+ Kg6 42. Rh8 1-0

[Event "Karpos Open 2016"]
[Site "Skopje, MKD"]
[Date "2016.04.02"]
[Round "2"]
[Board "3"]
[White "Cvetkovic, Srdjan"]
[Black "Perunovic, Milos"]
[Result "0-1"]
[WhiteElo "2312"]
[BlackElo "2641"]
[PlyCount "68"]
[EventDate "2016.04.01"]
[EventRounds "9"]
[EventCountry "MKD"]

1. c4 c5 2. b3 Nc6 3. Bb2 e5 4. Nc3 g6 5. g3 Bg7 6. Bg2 d6 7. e3 h5 8. h4 Bg4
9. Nge2 Nge7 10. d3 O-O 11. Qd2 Rb8 12. O-O a6 13. Nd5 Nxd5 14. cxd5 Ne7 15. e4
Kh7 16. Kh2 Ng8 17. Ng1 Nh6 18. Bh3 f5 19. f3 f4 20. fxg4 hxg4 21. Bg2 g5 22.
Ne2 Qe8 23. hxg5 Qh5+ 24. Kg1 f3 25. Rf2 Kg6 26. Raf1 Nf7 27. Bc1 Rh8 28. Rxf3
Qh2+ 29. Kf2 gxf3 30. Kxf3 Rbf8 31. Rh1 Nxg5+ 32. Kg4 Rh4+ 33. gxh4 Qxg2+ 34.
Ng3 Qf3# 0-1

[Event "Karpos Open 2016"]
[Site "Skopje, MKD"]
[Date "2016.04.02"]
[Round "2"]
[Board "4"]
[White "Romanov, Evgeny"]
[Black "Dinev, Dejan"]
[Result "1-0"]
[WhiteElo "2635"]
[BlackElo "2308"]
[PlyCount "65"]
[EventDate "2016.04.01"]
[EventRounds "9"]
[EventCountry "MKD"]

1. d4 d5 2. Nf3 Nf6 3. Bf4 e6 4. e3 Bd6 5. Bd3 Bxf4 6. exf4 Qd6 7. Qd2 c5 8.
dxc5 Qxc5 9. O-O Nc6 10. c3 a5 11. Qe2 a4 12. Na3 O-O 13. Nc2 Rd8 14. a3 Bd7
15. Rfe1 Na5 16. Ne5 Be8 17. Nd4 Nc6 18. Nef3 Nxd4 19. Nxd4 Bd7 20. Rad1 Re8
21. Qe5 Bc6 22. h3 Nd7 23. Qg5 g6 24. f5 f6 25. Qg3 e5 26. Nxc6 bxc6 27. fxg6
e4 28. gxh7+ Kh8 29. Bxe4 Ne5 30. Bf5 Rab8 31. Re2 Re7 32. Kh1 Rbe8 33. Rde1
 1-0